00594nam a22002057a 450000500170000001000130001702000230003003500130005303700160006604000120008208200150009410000240010924500530013326000420018627000430022830000250027150000490029665000200034565000230036520170124105911.0 aA-305650 c125.00a8170000297 aA-305650 bCen Lib/Ret aDPLbEN a021.2bSHA aSharma, Pandey S.K. aLibraries and society /cby Pandey S. K. Sharma aNew DelhibEss Ess Publicationsc1987 a4837/24,Ansari roadbNew Delhie110002 avii,176p. c20cm(Hb) aIncludes bibliographical reference and index aLibrary Science aLibrary Management